MARC

LEADER 00000nam0a2200000 4500
001 41509
005 20231031014324.0
010 |a 5110000727 
035 |a (RuTPU)RU\TPU\book\42635 
090 |a 41509 
100 |a 20020621d1988 m y0rusy50 ca 
101 0 |a rus 
102 |a UA 
105 |a a j 001zy 
200 1 |a Гидравлика  |e учебник  |f Ю. М. Константинов 
205 |a 2-е изд., перераб. и доп. 
210 |a Киев  |c Выща школа  |d 1988 
215 |a 397 с.  |c ил. 
320 |a Библиогр.: с. 386-387. 
320 |a Предм. указ.: с. 388-394. 
610 1 |a физика 
610 1 |a гидравлика 
610 1 |a гидравлические сопротивления 
610 1 |a гидростатика 
610 1 |a жидкости 
610 1 |a кинематика 
610 1 |a динамика 
610 1 |a водосливы 
610 1 |a открытые русла 
610 1 |a бьефы 
610 1 |a трубопроводы 
610 1 |a грунтовые воды 
610 1 |a моделирование 
610 1 |a учебники 
675 |a 532(075.8)  |v 3 
700 1 |a Константинов  |b Ю. М.  |g Юрий Михайлович 
801 1 |a RU  |b 63413507  |c 20020621  |g PSBO 
801 2 |a RU  |b 63413507  |c 20210131  |g PSBO 
900 |a Гидравлика 
942 |c BK 
952 |a 510400  |b 010400